Science Quiz

Random Science or Elements Quiz

Edible Elements Quiz Stats

 Plays Quiz Updated Nov 1, 2018

Score 0/13 Timer 03:00
0 Plays Today
Recommended Daily Value Element % Correct
1,300 mgCalcium
94.5%
18 mgIron
89.1%
4,700 mgPotassium
79.5%
2,300 mgSodium
77.2%
420 mgMagnesium
73.8%
11 mgZinc
57.3%
1,250 mgPhosphorus
45.8%
2.3 mgManganese
44%
0.9 mgCopper
43.3%
150 µgIodine
38.9%
55 µgSelenium
25.7%
35 µgChromium
15.5%
45 µgMolybdenum
8.5%

You're not logged in!

Compare scores with friends on all Sporcle quizzes.
OR
Log In

You Might Also Like...

Show Comments

Extras

Top Quizzes Today


Score Distribution

Your Account Isn't Verified!

In order to create a playlist on Sporcle, you need to verify the email address you used during registration. Go to your Sporcle Settings to finish the process.

Report this User

Report this user for behavior that violates our Community Guidelines.

Details: